000 00287nam a2200109Ia 4500
999 _c17793
_d17793
082 _a954.041508 ASS-P
100 _aAssam University, Silchar
245 0 _aPartition and Northeast India: a collection of papers
260 _aSilchar
_bAssam University
300 _av.p.
942 _cBK
_2ddc